Estudi sobre l'evolució del preu del sòl als parcs naturals : Sant Llorenç del Munt i la Serra de l'Obac / equip de treball: , Jordi Bacaria ... [et. al.] Sant Llorenç del Munt i la Serra de l'Obac / equip de treball:
ISBN:
84-505-5984-7
Descripción Física:
30 p. : il., map. ; 30 cm
Otros Autores:
Bacaria i Colom, Jordi
MARC
| LEADER | 00000nam a2200000Ia 4500 | ||
|---|---|---|---|
| 001 | 6306 | ||
| 008 | 160829s1987 xx 000 0 cat d | ||
| 020 | |a 84-505-5984-7 | ||
| 080 | |a FU-16-27 | ||
| 245 | |a Estudi sobre l'evolució del preu del sòl als parcs naturals : |b Sant Llorenç del Munt i la Serra de l'Obac / equip de treball: |b , Jordi Bacaria ... [et. al.] | ||
| 260 | |a Barcelona : |b Diputació, Servei de Parcs Naturals, |c 1987 | ||
| 300 | |a 30 p. : |b il., map. ; |c 30 cm | ||
| 650 | |a Parc Natural de Sant Llorenç del Munt i l'Obac |x Valoració |9 30656 | ||
| 650 | |a Sòls |x Valoració |9 30657 | ||
| 700 | |a Bacaria i Colom, Jordi |9 30658 | ||
| 710 | |a Barcelona (Catalunya : Província). |b Servei de Parcs Naturals |9 53492 | ||
| 901 | |a Arxiu | ||
| 942 | |n 1 | ||
| 952 | |0 0 |1 0 |4 0 |6 FU1627 |7 1 |9 45473 |a Arxiu |b Arxiu |d 2016-12-01 |l 0 |o FU-16-27 |p 6306 |r 2016-12-01 00:00:00 |w 2016-12-01 |y ARXIU | ||
| 999 | |c 48638 |d 48638 | ||